Byles on Bills of Exchange : (Record no. 181)

MARC details
000 -LEADER
fixed length control field 00651nam a22001817a 4500
005 - DATE AND TIME OF INPUT
control field 20231031105256.0
008 - DATA ELEMENTS--GENERAL INFORMATION
fixed length control field 231031b |||||||| |||| 00| 0 eng d
020 ## - INTERNATIONAL STANDARD BOOK NUMBER
International Standard Book Number 0421229403
041 ## - LANGUAGE CODE
Language code of text English
082 ## - SHELF NUMBER
DDC number 346.7 BYL
100 ## - MAIN AUTHOR
Main author's name Megrah, M; Ryder, FR and Bueno, A
Language of a work English
245 ## - TITLE STATEMENT
Title Byles on Bills of Exchange :
Sub-title The Law of Bills of Exchange, Promissory Notes, Bank Notes and Cheques /
Statement of responsibility, etc. M Megrah, FR Ryder and A Bueno
250 ## - EDITION STATEMENT
Edition statement Twenty-Fourth Edition
260 ## - PUBLICATION, DISTRIBUTION, ETC.
Place of publication, distribution, etc. London :
Name of publisher, distributor, etc. Sweet and Maxwell,
Date of publication, distribution, etc. 1979
300 ## - PHYSICAL DESCRIPTION
Other physical details lxxxiii, 509 pages ;
Dimensions 26 cm.
650 ## - SUBJECT`
Broad subject legal practice
Own subject terms Law
942 ## - ADDED ENTRY ELEMENTS (KOHA)
Item type Books
942 ## - ADDED ENTRY ELEMENTS (KOHA)
-- ALISON_BN_VRIES
Holdings
Source of classification or shelving scheme Not for loan Collection code Home library Current library Shelving location Date acquired Full call number Barcode Price effective from Koha item type
Dewey Decimal Classification   TEXT BOOKS LAW SOCIETY OF NAMIBIA LIBRARY - WINDHOEK LAW SOCIETY OF NAMIBIA LIBRARY - WINDHOEK Corporate, commercial and company law 10/31/2023 346.7 BYL LSN/1987/238 10/31/2023 Books